01640nam a2200373Ia 4500001001200000003000800012006001900020007001500039008004100054020001500095040002100110035002000131050002500151245019400176260004100370300001100411490003400422504004100456533015200497650007100649650004900720650006700769650004500836651005700881651003500938655002900973700002001002700002801022700002101050710001701071830003501088856012601123999001701249ebr10050484CaPaEBRm u cr cn|||||||||031028s2003 dcu sb 000 0 eng d z0821356992 aCaPaEBRcCaPaEBR a(OCoLC)7077148014aHJ1000.7b.S8 2003eb00aSubnational data requirements for fiscal decentralizationh[electronic resource] :bcase studies from Central and Eastern Europe /cSerdar Yilmaz, Jozsef Hegedus, Michael E. Bell [editors]. aWashington, DC :bWorld Bank,c2003. a172 p.1 aWBI learning resources series aIncludes bibliographical references. aElectronic reproduction.bPalo Alto, Calif. :cebrary,d2009.nAvailable via World Wide Web.nAccess may be limited to ebrary affiliated libraries. 0aIntergovernmental fiscal relationszEurope, EasternvCase studies. 0aIntergovernmental fiscal relationszUkraine. 0aDecentralization in governmentzEurope, EasternvCase studies. 0aDecentralization in governmentzUkraine. 0aEurope, EasternxStatistical servicesvCase studies. 0aUkrainexStatistical services. 7aElectronic books.2local1 aYilmaz, Serdar.1 aHegedus, Jozsef,d1951-1 aBell, Michael E.2 aebrary, Inc. 0aWBI learning resources series.40uhttp://site.ebrary.com/lib/rucke/Doc?id=10050484zAn electronic book accessible through the World Wide Web; click to view c76553d76553